000 00648nam a2200277Ia 4500
005 20260324113043.0
008 008 260324s9999 xx 000 0 eng d
020 _a9781032690612
037 _aEBOOK
040 _aCRL
040 _beng
040 _cCRL
041 _2eng
041 _aeng
084 _qCRL
100 _aK.V. Malam; V. R. Malam; D. R. Kanzaria
_91145232
245 0 _aHi-Tech Horticulture
260 _bTaylor and Francis
260 _c2024
365 _a
365 _b225
856 _uhttp://www.taylorfrancis.com/books/9781032690612
942 _cEBOOK
999 _c1734682
_d1734682